To Kill a Mockingbird character quiz - Statistics

General Stats
  • This quiz has been taken 1,690 times
    1,669 since last reset
  • The average score is 12 of 15
Answer Stats
Hint Answer % Correct
Who is the narrator? Scout
99%
Who is her father? Atticus
98%
Who is her brother? Jem
98%
Who cooks for the Finch household? Calpurnia
89%
Who is convicted of rape? Tom Robinson
87%
Who comes to visit Maycomb to stay with his aunty? Dill
84%
Who lives two doors down from the Finches and a victim of hearsay and rumours? Boo Radley
81%
Who is the her aunty? Aunt Alexandra
80%
Who is the alleged victim's father? Bob Ewell
77%
Who is the alleged victim? Mayella Ewell
77%
Whose house burns down? Miss Maudie
76%
Who is the county sheriff? Heck Tate
67%
Who is addicted to morphine and hates the children? Mrs Dubose
67%
Who is the neighbourhood gossip? Stephanie Crawford
53%
Who is the district attorney and represents the victim in court? Mr Gilmer
41%
No matching quizzes found
Score Distribution
Percent of People with Each Score
Percentile by Number Answered
Your Score History
You have not taken this quiz since the last reset